Lesquelles de ces villes françaises ... #2 - Statistiques

Statistiques générales
  • Ce quiz a été pris 132 fois
  • Le résultat moyen est 39 sur 54
Statistiques - réponses
Question Tuile Select % Correct
Lesquelles de ces villes françaises sont d'outre mer ? Strasbourg Non
98%
Lesquelles de ces villes françaises sont d'outre mer ? Vernon Non
98%
Lesquelles de ces villes françaises sont d'outre mer ? Marseille Non
97%
Lesquelles de ces villes françaises sont dans les Hauts de France ? Reims Non
96%
Lesquelles de ces villes françaises sont dans les Hauts de France ? Alençon Non
94%
Lesquelles de ces villes françaises sont dans les Hauts de France ? Caen Non
94%
Lesquelles de ces villes françaises sont d'outre mer ? Kourou Oui
94%
Lesquelles de ces villes françaises sont d'outre mer ? Lunel Non
94%
Lesquelles de ces villes françaises sont d'outre mer ? Brech Non
93%
Lesquelles de ces villes françaises sont dans les Hauts de France ? Lille Oui
92%
Lesquelles de ces villes sont dans le top 10 des villes les plus peuplées ? Lyon Oui
92%
Lesquelles de ces villes sont dans le top 10 des villes les plus peuplées ? Paris Oui
92%
Lesquelles de ces villes sont dans le top 10 des villes les plus peuplées ? Marseille Oui
91%
Lesquelles de ces villes françaises sont d'outre mer ? Koungou Oui
90%
Lesquelles de ces villes françaises sont dans les Hauts de France ? Calais Oui
89%
Lesquelles de ces villes sont dans le top 10 des villes les plus peuplées ? Reims Non
89%
Lesquelles de ces villes sont dans le top 10 des villes les plus peuplées ? Toulon Non
89%
Lesquelles de ces villes ont entre 50 000 et 100 000 habitants ? Paris Non
88%
Lesquelles de ces villes françaises sont dans les Hauts de France ? Granville Non
86%
Lesquelles de ces villes sont dans le top 10 des villes les plus peuplées ? Toulouse Oui
85%
Lesquelles de ces villes sont dans le top 10 des villes les plus peuplées ? Bordeaux Oui
84%
Lesquelles de ces villes françaises sont d'outre mer ? Païta Oui
83%
Lesquelles de ces villes sont dans le top 10 des villes les plus peuplées ? Lille Oui
82%
Lesquelles de ces villes ont entre 50 000 et 100 000 habitants ? Beaune Non
81%
Lesquelles de ces villes françaises sont d'outre mer ? Saint Denis Oui
81%
Lesquelles de ces villes françaises sont dans les Hauts de France ? Béthune Oui
79%
Lesquelles de ces villes françaises ont une gare TGV ? Nice Oui
79%
Lesquelles de ces villes françaises sont dans les Hauts de France ? Charleville Non
78%
Lesquelles de ces villes françaises sont dans les Hauts de France ? Gouvernes Non
78%
Lesquelles de ces villes françaises sont d'outre mer ? Le Tampon Oui
78%
Lesquelles de ces villes sont dans le top 10 des villes les plus peuplées ? Strasbourg Oui
78%
Lesquelles de ces villes françaises ont une gare TGV ? Guéret Non
74%
Lesquelles de ces villes françaises sont d'outre mer ? Le Gosier Oui
73%
Lesquelles de ces villes sont dans le top 10 des villes les plus peuplées ? Nantes Oui
73%
Lesquelles de ces villes ont entre 50 000 et 100 000 habitants ? Quimper Oui
68%
Lesquelles de ces villes sont dans le top 10 des villes les plus peuplées ? Montpellier Oui
64%
Lesquelles de ces villes françaises ont une gare TGV ? Chamonix Non
63%
Lesquelles de ces villes françaises sont dans les Hauts de France ? Quincampoix Non
63%
Lesquelles de ces villes ont entre 50 000 et 100 000 habitants ? Roubaix Oui
62%
Lesquelles de ces villes françaises ont une gare TGV ? Rochefort Non
61%
Lesquelles de ces villes ont entre 50 000 et 100 000 habitants ? Cayenne Oui
59%
Lesquelles de ces villes sont dans le top 10 des villes les plus peuplées ? Rennes Non
59%
Lesquelles de ces villes françaises ont une gare TGV ? Bourg en Bresse Oui
58%
Lesquelles de ces villes ont entre 50 000 et 100 000 habitants ? Levallois Perret Oui
58%
Lesquelles de ces villes ont entre 50 000 et 100 000 habitants ? Meaux Oui
56%
Lesquelles de ces villes ont entre 50 000 et 100 000 habitants ? Agen Non
53%
Lesquelles de ces villes ont entre 50 000 et 100 000 habitants ? Amiens Non
53%
Lesquelles de ces villes françaises sont dans les Hauts de France ? Woippy Non
51%
Lesquelles de ces villes françaises ont une gare TGV ? Salon de Provence Non
47%
Lesquelles de ces villes françaises ont une gare TGV ? Saumur Oui
38%
Lesquelles de ces villes françaises sont dans les Hauts de France ? Montdidier Oui
35%
Lesquelles de ces villes françaises sont d'outre mer ? Le Mont Dore Oui
22%
Lesquelles de ces villes françaises ont une gare TGV ? Auray Oui
16%
Lesquelles de ces villes françaises ont une gare TGV ? Plouaret Oui
13%
Aucun quiz correspondant
Distribution des résultats
% des personnes avec chaque résultat
Percentile par nombre de réponses
Votre historique - résultats
Vous n’avez pas pris ce quiz